00507 2200193 4500001002100000005001500021035002000036245006400056100001400120250000600134300003500140700001800175260003500193082001000228084001600238020001800254650002400272990001700296INLIS00000000000042220181024035336 a0010-10180001121 aMengisi Waktu Luang /cTia Malik; Penyunting, Titik Oktia M0 aTia Malik a- avi, 89 hlm. :bilus. ;c25 cm.0 aTitik Oktia M aSurabaya :bWahana Ilmu,c2011 a745.5 a745.5 TIA m a979-9418-60-7 aKeterampilan Tangan a01547/P/2018